[Event "RF-2015-0-00265"]
[Site "LSS email"]
[Date "2015.10.25"]
[Round "?"]
[White "Raines, David T"]
[Black "Kramskoi, Vasyl"]
[Result "1/2-1/2"]
[WhiteElo "1115"]
[BlackElo "1226"]
[PlyCount "46"]
[EventDate "2015.10.02"]
[EventType "tourn (corr)"]
[EventRounds "6"]
[EventCountry "GER"]
[SourceTitle "Corr 2022"]
[Source "ChessBase"]
[SourceDate "2021.10.24"]
[SourceVersion "1"]
[SourceVersionDate "2021.10.24"]
[SourceQuality "1"]

1. d4 d5 2. Nf3 c6 3. e3 Bg4 4. c4 e6 5. Nc3 Nd7 6. Bd3 Ngf6 7. 0-0 Bd6 8. c5 Bc7 9. Bd2 e5 10. Be2 e4 11. Ne1 Bxe2 12. Qxe2 0-0 13. Nc2 Qb8 14. g3 Qe8 15. f4 exf3 16. Qxf3 Qe6 17. Ne1 Ba5 18. Ng2 Bxc3 19. Bxc3 Rfe8 20. Rae1 Ne4 21. Qf5 b6 22. Qxe6 Rxe6 23. Nf4 Ree8 1/2-1/2

[Event "RF-2015-0-00265"]
[Site "LSS email"]
[Date "2015.10.22"]
[Round "?"]
[White "Shim Ng Min, Francis"]
[Black "Kramskoi, Vasyl"]
[Result "1/2-1/2"]
[WhiteElo "1254"]
[BlackElo "1226"]
[PlyCount "26"]
[EventDate "2015.10.02"]
[EventType "tourn (corr)"]
[EventRounds "6"]
[EventCountry "GER"]
[SourceTitle "Corr 2022"]
[Source "ChessBase"]
[SourceDate "2021.10.24"]
[SourceVersion "1"]
[SourceVersionDate "2021.10.24"]
[SourceQuality "1"]

1. e4 e5 2. Nf3 Nc6 3. d4 exd4 4. Bc4 Nf6 5. 0-0 Nxe4 6. Re1 d5 7. Bxd5 Qxd5 8. Nc3 Qh5 9. Nxe4 Be6 10. Nxd4 Qxd1 11. Rxd1 0-0-0 12. Be3 Nxd4 13. Bxd4 f6 1/2-1/2

[Event "RF-2014-0-00191"]
[Site "LSS email"]
[Date "2014.07.05"]
[Round "?"]
[White "Couspeyre, Thierry"]
[Black "Kramskoi, Vasyl"]
[Result "1-0"]
[WhiteElo "1175"]
[BlackElo "1059"]
[PlyCount "55"]
[EventDate "2014.05.26"]
[EventType "tourn (corr)"]
[EventRounds "6"]
[EventCountry "GER"]
[SourceTitle "Corr 2015"]
[Source "ChessBase"]
[SourceDate "2015.07.17"]
[SourceVersion "1"]
[SourceVersionDate "2015.07.17"]
[SourceQuality "1"]

1. e4 c5 2. Nf3 e6 3. d4 cxd4 4. Nxd4 a6 5. c4 Nf6 6. e5 Qa5+ 7. Nc3 Ne4 8. Nb3 Qxe5 9. Qe2 d5 10. cxd5 Bb4 11. Bd2 Bxc3 12. Bxc3 Qxd5 13. Bxg7 Rg8 14. Rd1 Qf5 15. Bd4 Nc6 16. Bb6 Nf6 17. g3 Nd5 18. Bc5 Ndb4 19. Bg2 Nxa2 20. Be4 Qf6 21. Qd2 Qe5 22. Qe2 Nab4 23. f4 Qg7 24. 0-0 h5 25. Nd4 Qh8 26. Nf5 Qf6 27. Bxc6+ Nxc6 28. Nd6+ 1-0

[Event "RF-2014-0-00191"]
[Site "LSS email"]
[Date "2014.07.05"]
[Round "?"]
[White "Kramskoi, Vasyl"]
[Black "Trevis, Robert R"]
[Result "0-1"]
[WhiteElo "1059"]
[BlackElo "1028"]
[PlyCount "42"]
[EventDate "2014.05.26"]
[EventType "tourn (corr)"]
[EventRounds "6"]
[EventCountry "GER"]
[SourceTitle "Corr 2015"]
[Source "ChessBase"]
[SourceDate "2015.07.17"]
[SourceVersion "1"]
[SourceVersionDate "2015.07.17"]
[SourceQuality "1"]

1. e4 e5 2. Nf3 Nc6 3. Bc4 Bc5 4. c3 Nf6 5. d3 d6 6. 0-0 0-0 7. d4 exd4 8. cxd4 Bb4 9. a3 d5 10. exd5 Na5 11. Ba2 Bd6 12. b4 c6 13. Bg5 cxd5 14. bxa5 Be6 15. Bxf6 Qxf6 16. Nc3 Rad8 17. Qb1 Qe7 18. Re1 Bxa3 19. Nxd5 Qd7 20. Nf6+ gxf6 21. Bxe6 fxe6 0-1

[Event "RF-2014-0-00190"]
[Site "LSS email"]
[Date "2014.06.15"]
[Round "?"]
[White "Lauer, Frederic"]
[Black "Kramskoi, Vasyl"]
[Result "0-1"]
[WhiteElo "1120"]
[BlackElo "1248"]
[PlyCount "42"]
[EventDate "2014.05.24"]
[EventType "tourn (corr)"]
[EventRounds "6"]
[EventCountry "GER"]
[SourceTitle "Corr 2022"]
[Source "ChessBase"]
[SourceDate "2021.10.24"]
[SourceVersion "1"]
[SourceVersionDate "2021.10.24"]
[SourceQuality "1"]

1. e4 e5 2. Bc4 Nc6 3. Nc3 Nf6 4. f4 exf4 5. Nf3 a6 6. 0-0 b5 7. Bb3 Bb4 8. Nd5 0-0 9. d4 Nxe4 10. Nxb4 Nxb4 11. Qe1 Qe7 12. Bxf4 Bb7 13. c3 Nd3 14. Qe3 Nxb2 15. Bxc7 Rac8 16. Ba5 d6 17. Rfe1 Qd7 18. Ng5 d5 19. Bxd5 Bxd5 20. Nxe4 Nc4 21. Qg5 Bxe4 0-1

[Event "RF-2014-0-00189"]
[Site "LSS email"]
[Date "2014.06.11"]
[Round "?"]
[White "Slavin, Pablo"]
[Black "Kramskoi, Vasyl"]
[Result "1/2-1/2"]
[WhiteElo "1198"]
[BlackElo "1219"]
[PlyCount "28"]
[EventDate "2014.05.10"]
[EventType "tourn (corr)"]
[EventRounds "6"]
[EventCountry "GER"]
[SourceTitle "Corr 2022"]
[Source "ChessBase"]
[SourceDate "2021.10.24"]
[SourceVersion "1"]
[SourceVersionDate "2021.10.24"]
[SourceQuality "1"]

1. e4 c5 2. Nf3 Nc6 3. Nc3 e5 4. Bb5 Be7 5. Bxc6 dxc6 6. Nxe5 Bf6 7. Nf3 Bg4 8. d3 Bxc3+ 9. bxc3 Qf6 10. Bd2 0-0-0 11. h3 Bxf3 12. Qxf3 Qxf3 13. gxf3 c4 14. d4 b6 1/2-1/2

[Event "RF-2014-0-00190"]
[Site "LSS email"]
[Date "2014.06.08"]
[Round "?"]
[White "Bieszk, Stanislaw"]
[Black "Kramskoi, Vasyl"]
[Result "0-1"]
[WhiteElo "1184"]
[BlackElo "1248"]
[PlyCount "41"]
[EventDate "2014.05.24"]
[EventType "tourn (corr)"]
[EventRounds "6"]
[EventCountry "GER"]
[SourceTitle "Corr 2022"]
[Source "ChessBase"]
[SourceDate "2021.10.24"]
[SourceVersion "1"]
[SourceVersionDate "2021.10.24"]
[SourceQuality "1"]

1. e4 c5 2. Nf3 d6 3. d4 cxd4 4. Nxd4 Nf6 5. Nc3 e5 6. Nb3 Be6 7. Be3 Nc6 8. f3 g6 9. Bb5 Bg7 10. Qd2 d5 11. Nxd5 Nxd5 12. Bxc6+ bxc6 13. exd5 cxd5 14. c3 d4 15. cxd4 Bxb3 16. axb3 exd4 17. Bf4 0-0 18. 0-0 d3 19. Rfd1 Re8 20. Qxd3 Re1+ 21. Kf2 0-1

[Event "RF-2014-0-00190"]
[Site "LSS email"]
[Date "2014.06.07"]
[Round "?"]
[White "Kramskoi, Vasyl"]
[Black "Bester, Kazimierz"]
[Result "1-0"]
[WhiteElo "1248"]
[BlackElo "805"]
[PlyCount "92"]
[EventDate "2014.05.24"]
[EventType "tourn (corr)"]
[EventRounds "6"]
[EventCountry "GER"]
[SourceTitle "Corr 2022"]
[Source "ChessBase"]
[SourceDate "2021.10.24"]
[SourceVersion "1"]
[SourceVersionDate "2021.10.24"]
[SourceQuality "1"]

1. d4 e6 2. c4 Nc6 3. Nc3 Bb4 4. e4 Nge7 5. Nge2 0-0 6. Be3 Ng6 7. g3 Na5 8. a3 Be7 9. Nf4 b6 10. b4 Nb7 11. Be2 d6 12. Nxg6 fxg6 13. h4 Bf6 14. h5 g5 15. 0-0 h6 16. Bg4 Qe7 17. Qd3 Nd8 18. c5 Bb7 19. cxd6 cxd6 20. Qb1 Nf7 21. a4 Rac8 22. Qb3 Nd8 23. b5 a5 24. bxa6 Bxa6 25. Rfe1 Rc6 26. Bf3 Bc4 27. Qd1 e5 28. d5 Rc8 29. Bxb6 Rb8 30. a5 Ba6 31. Be2 Bxe2 32. Qxe2 Qd7 33. Be3 Nb7 34. a6 Nc5 35. Bxc5 dxc5 36. Red1 Ra8 37. d6 Rfd8 38. Nb5 Qc6 39. a7 c4 40. Nc7 Rac8 41. Ra6 Qb7 42. Rc1 Rxc7 43. dxc7 Rc8 44. a8Q Rxa8 45. Rxa8+ Qxa8 46. Qxc4+ Kh7 1-0

[Event "RF-2014-0-00189"]
[Site "LSS email"]
[Date "2014.06.02"]
[Round "?"]
[White "Lenz, Juergen"]
[Black "Kramskoi, Vasyl"]
[Result "1/2-1/2"]
[WhiteElo "1120"]
[BlackElo "1219"]
[PlyCount "46"]
[EventDate "2014.05.10"]
[EventType "tourn (corr)"]
[EventRounds "6"]
[EventCountry "GER"]
[SourceTitle "Corr 2022"]
[Source "ChessBase"]
[SourceDate "2021.10.24"]
[SourceVersion "1"]
[SourceVersionDate "2021.10.24"]
[SourceQuality "1"]

1. d4 e6 2. Nf3 Nf6 3. Bf4 Nc6 4. e3 d5 5. Bd3 Bd6 6. Bg3 a5 7. 0-0 Bxg3 8. hxg3 Ne7 9. c4 dxc4 10. Bxc4 b6 11. Qe2 Bb7 12. Nc3 0-0 13. Ne5 Nf5 14. g4 Nd6 15. Bd3 Nfe4 16. Rac1 c5 17. Rfd1 Nxc3 18. bxc3 Rc8 19. Bb1 Qc7 20. Qc2 f5 21. Qb2 c4 22. gxf5 exf5 23. Qe2 Qd8 1/2-1/2

[Event "RF-2014-0-00187"]
[Site "LSS email"]
[Date "2014.05.26"]
[Round "?"]
[White "Kramskoi, Vasyl"]
[Black "Slavin, Pablo"]
[Result "1/2-1/2"]
[WhiteElo "1219"]
[BlackElo "1218"]
[PlyCount "64"]
[EventDate "2014.04.23"]
[EventType "tourn (corr)"]
[EventRounds "6"]
[EventCountry "GER"]
[SourceTitle "Corr 2022"]
[Source "ChessBase"]
[SourceDate "2021.10.24"]
[SourceVersion "1"]
[SourceVersionDate "2021.10.24"]
[SourceQuality "1"]

1. e4 c5 2. d4 cxd4 3. Qxd4 Nc6 4. Qd1 g6 5. Be3 Bg7 6. c3 Nf6 7. Nd2 0-0 8. Bc4 Ne5 9. Be2 a6 10. Ngf3 Nxf3+ 11. Bxf3 d6 12. Nc4 Be6 13. Nb6 Rb8 14. 0-0 Nd7 15. Nd5 b5 16. Qd2 Ne5 17. Be2 Ng4 18. Bg5 Bxd5 19. Qxd5 Nf6 20. Qd3 Qc7 21. b3 h6 22. Be3 Rbc8 23. Rac1 Qa5 24. Rc2 Nd7 25. Bxh6 Bxh6 26. Qh3 Bg7 27. Qxd7 Rc7 28. Qh3 Rxc3 29. Rxc3 Qxc3 30. Qxc3 Bxc3 31. Bd3 b4 32. h3 a5 1/2-1/2

[Event "RF-2014-0-00186"]
[Site "LSS email"]
[Date "2014.05.25"]
[Round "?"]
[White "Kramskoi, Vasyl"]
[Black "Evtyugin, Yury Alekseevich"]
[Result "1-0"]
[WhiteElo "1189"]
[BlackElo "1026"]
[PlyCount "37"]
[EventDate "2014.04.17"]
[EventType "tourn (corr)"]
[EventRounds "6"]
[EventCountry "GER"]
[SourceTitle "Corr 2022"]
[Source "ChessBase"]
[SourceDate "2021.10.24"]
[SourceVersion "1"]
[SourceVersionDate "2021.10.24"]
[SourceQuality "1"]

1. d4 d5 2. c4 c6 3. cxd5 cxd5 4. Bf4 Nf6 5. e3 Qa5+ 6. Nc3 Bd7 7. Nf3 Nc6 8. Bd3 e6 9. 0-0 Be7 10. a3 0-0 11. Qb3 Bc8 12. Nb5 a6 13. Bc7 b6 14. Nc3 Bd8 15. Ne5 Nxe5 16. Bxe5 Nd7 17. Bxh7+ Kxh7 18. Qc2+ f5 19. b4 1-0

[Event "RF-2014-0-00186"]
[Site "LSS email"]
[Date "2014.05.25"]
[Round "?"]
[White "Kramskoi, Vasyl"]
[Black "Miquel Badenes, Jose"]
[Result "1/2-1/2"]
[WhiteElo "1189"]
[BlackElo "1270"]
[PlyCount "37"]
[EventDate "2014.04.17"]
[EventType "tourn (corr)"]
[EventRounds "6"]
[EventCountry "GER"]
[SourceTitle "Corr 2022"]
[Source "ChessBase"]
[SourceDate "2021.10.24"]
[SourceVersion "1"]
[SourceVersionDate "2021.10.24"]
[SourceQuality "1"]

1. d4 d5 2. Nf3 Nf6 3. c4 c6 4. Nc3 Bf5 5. Qb3 Qc7 6. cxd5 Nxd5 7. Nxd5 cxd5 8. Bd2 e6 9. Qa4+ Qc6 10. Qb3 Nd7 11. Rc1 Qb6 12. Qxb6 Nxb6 13. e3 Bd6 14. Bb5+ Ke7 15. Nh4 Bg6 16. 0-0 a6 17. Be2 Rac8 18. Rxc8 Rxc8 19. Nxg6+ 1/2-1/2

[Event "RF-2014-0-00185"]
[Site "LSS email"]
[Date "2014.05.10"]
[Round "?"]
[White "Vontina, Maria"]
[Black "Kramskoi, Vasyl"]
[Result "0-1"]
[WhiteElo "744"]
[BlackElo "1243"]
[PlyCount "62"]
[EventDate "2014.03.31"]
[EventType "tourn (corr)"]
[EventRounds "6"]
[EventCountry "GER"]
[SourceTitle "Corr 2022"]
[Source "ChessBase"]
[SourceDate "2021.10.24"]
[SourceVersion "1"]
[SourceVersionDate "2021.10.24"]
[SourceQuality "1"]

1. e4 e5 2. Nf3 Nf6 3. Nxe5 d6 4. Nf3 Nxe4 5. d4 Be7 6. Bd3 f5 7. 0-0 0-0 8. c4 Na6 9. a3 Bf6 10. Re1 Re8 11. Be3 c5 12. Nbd2 Bd7 13. Qc2 Qe7 14. Be2 Rac8 15. Rac1 cxd4 16. Nxd4 Bg5 17. Bxg5 Qxg5 18. N2f3 Qg6 19. Qd1 Nc7 20. Bd3 Rf8 21. Qc2 Rce8 22. Ne2 Ne6 23. Nc3 Nf4 24. g3 Nh3+ 25. Kg2 Nhxf2 26. Bxe4 Nxe4 27. Nh4 Qg4 28. Nxe4 fxe4 29. Re3 g5 30. h3 Qxh3+ 31. Kg1 gxh4 0-1

[Event "BI-2014-P-0011"]
[Site "LSS email"]
[Date "2014.04.19"]
[Round "?"]
[White "Bogomolov, Alexander"]
[Black "Kramskoi, Vasyl"]
[Result "1-0"]
[WhiteElo "1891"]
[BlackElo "1059"]
[PlyCount "31"]
[EventDate "2014.04.25"]
[EventType "tourn (corr)"]
[EventRounds "10"]
[EventCountry "GER"]
[SourceTitle "Corr 2015"]
[Source "ChessBase"]
[SourceDate "2015.07.17"]
[SourceVersion "1"]
[SourceVersionDate "2015.07.17"]
[SourceQuality "1"]

1. e4 c5 2. Nf3 e6 3. d4 cxd4 4. Nxd4 a6 5. Bd3 e5 6. Nf3 Nf6 7. 0-0 d5 8. exd5 e4 9. Re1 Qxd5 10. Nc3 Qd8 11. Nxe4 Nxe4 12. Bg5 f6 13. Qe2 fxg5 14. Bxe4 Be7 15. Rad1 Qb6 16. Bg6+ 1-0

[Event "BI-2014-P-0011"]
[Site "LSS email"]
[Date "2014.04.19"]
[Round "?"]
[White "Kramskoi, Vasyl"]
[Black "Blair, Matthew"]
[Result "0-1"]
[WhiteElo "1059"]
[BlackElo "1867"]
[PlyCount "66"]
[EventDate "2014.04.25"]
[EventType "tourn (corr)"]
[EventRounds "10"]
[EventCountry "GER"]
[SourceTitle "Corr 2015"]
[Source "ChessBase"]
[SourceDate "2015.07.17"]
[SourceVersion "1"]
[SourceVersionDate "2015.07.17"]
[SourceQuality "1"]

1. Nf3 Nf6 2. g3 d5 3. Bg2 c6 4. c4 dxc4 5. 0-0 Nbd7 6. Nc3 g6 7. d3 cxd3 8. Qxd3 Bg7 9. Rd1 0-0 10. Bf4 Qb6 11. Na4 Qb4 12. Qc2 Nb6 13. Rd4 Qb5 14. Nc3 Qh5 15. e4 Bg4 16. Rd3 Nfd7 17. Ne2 Nc5 18. Ra3 Nxe4 19. Nfd4 Nxf2 20. Kxf2 e5 21. Ra5 Nd5 22. Nxc6 bxc6 23. Qxc6 Nxf4 24. Nxf4 Qh6 25. h3 exf4 26. hxg4 Bd4+ 27. Kf3 Rae8 28. Qd6 Re3+ 29. Kf2 fxg3+ 30. Kf1 Rd3 31. g5 Qh2 32. Ke2 Re3+ 33. Kf1 Qg1+ 0-1

[Event "BI-2014-P-0011"]
[Site "LSS email"]
[Date "2014.04.19"]
[Round "?"]
[White "Oliveira, Diogo Luiz"]
[Black "Kramskoi, Vasyl"]
[Result "1-0"]
[WhiteElo "2093"]
[BlackElo "1059"]
[PlyCount "65"]
[EventDate "2014.04.25"]
[EventType "tourn (corr)"]
[EventRounds "10"]
[EventCountry "GER"]
[SourceTitle "Corr 2015"]
[Source "ChessBase"]
[SourceDate "2015.07.17"]
[SourceVersion "1"]
[SourceVersionDate "2015.07.17"]
[SourceQuality "1"]

1. c4 g6 2. Nc3 Bg7 3. d4 c5 4. d5 Bxc3+ 5. bxc3 Nf6 6. Qc2 d6 7. e4 0-0 8. Nf3 e6 9. Bd3 exd5 10. cxd5 Bg4 11. Nd2 Qe7 12. 0-0 Nbd7 13. f3 Bh5 14. Nc4 b5 15. Na5 Qd8 16. Nc6 Qb6 17. c4 Ne5 18. Bb2 Nfd7 19. Ne7+ Kh8 20. f4 f6 21. fxe5 Nxe5 22. Qc1 bxc4 23. Bxc4 Nxc4 24. Bxf6+ Rxf6 25. Rxf6 Ne5 26. Qh6 Qd8 27. Raf1 Bf3 28. Nxg6+ Nxg6 29. Rf7 Qg8 30. R1xf3 c4 31. Qg5 Qd8 32. Rxh7+ Kxh7 33. Rf7+ 1-0

[Event "RF-2014-0-00182"]
[Site "LSS email"]
[Date "2014.04.18"]
[Round "?"]
[White "Kramskoi, Vasyl"]
[Black "Slavin, Pablo"]
[Result "0-1"]
[WhiteElo "1124"]
[BlackElo "1087"]
[PlyCount "78"]
[EventDate "2014.02.12"]
[EventType "tourn (corr)"]
[EventRounds "6"]
[EventCountry "GER"]
[SourceTitle "Telechess CBM 167"]
[Source "ChessBase"]
[SourceDate "2015.07.13"]
[SourceVersion "1"]
[SourceVersionDate "2015.07.13"]
[SourceQuality "1"]

1. c4 c5 2. Nf3 Nc6 3. d4 cxd4 4. Nxd4 Nxd4 5. Qxd4 Nf6 6. e4 d6 7. Be2 a6 8. Bd2 Qc7 9. Nc3 Bd7 10. Be3 Bc6 11. 0-0 g6 12. Nd5 Bxd5 13. cxd5 Bg7 14. Qa4+ Qd7 15. Qb4 0-0 16. Bb6 Rfc8 17. Rad1 Rc2 18. Rfe1 Rac8 19. Bd3 Nxd5 20. exd5 Rxb2 21. Qe4 Rxb6 22. Qxe7 Qxe7 23. Rxe7 Be5 24. g3 Kf8 25. Rd7 Ke8 26. Rxb7 Rxb7 27. Bxa6 Rcb8 28. Bxb7 Rxb7 29. f4 Bf6 30. Rd2 Rb1+ 31. Kg2 Rb2 32. Rxb2 Bxb2 33. a4 Bc3 34. Kf3 f5 35. h3 h5 36. g4 h4 37. gxf5 gxf5 38. Ke3 Kd7 39. Kd3 Ba5 0-1

[Event "LSS No Engine Cup 108 Preliminary 5"]
[Site "LSS email"]
[Date "2014.04.10"]
[Round "?"]
[White "Kramskoi, Vasyl"]
[Black "Herzog, Klaus"]
[Result "0-1"]
[WhiteElo "1059"]
[BlackElo "1828"]
[PlyCount "74"]
[EventDate "2014.04.11"]
[EventType "tourn (corr)"]
[EventRounds "6"]
[EventCountry "GER"]
[SourceTitle "Corr 2015"]
[Source "ChessBase"]
[SourceDate "2015.07.17"]
[SourceVersion "1"]
[SourceVersionDate "2015.07.17"]
[SourceQuality "1"]

1. d4 Nf6 2. c4 g6 3. f3 Bg7 4. e4 0-0 5. Bd3 d6 6. Nd2 e5 7. Nb3 exd4 8. Nxd4 Nh5 9. Nde2 Nc6 10. h4 Ne5 11. g4 Nf6 12. Bg5 Be6 13. Qc2 h6 14. Bd2 Nxd3+ 15. Qxd3 Nd7 16. h5 Ne5 17. Qc2 Qf6 18. Qc3 g5 19. b3 Qe7 20. Nd4 c5 21. Nxe6 Nxf3+ 22. Qxf3 fxe6 23. Qe2 Bxa1 24. b4 Qf6 25. Rh3 cxb4 26. Bxb4 Qd4 27. Re3 Rac8 28. Nf3 Qxc4 29. Qxc4 Rxc4 30. Bxd6 Rd8 31. Bh2 Rc1+ 32. Kf2 Rc2+ 33. Re2 Rdc8 34. a3 Rxe2+ 35. Kxe2 Rc2+ 36. Ke3 Rc3+ 37. Kf2 Rxa3 0-1

[Event "LSS No Engine Cup 108 Preliminary 5"]
[Site "LSS email"]
[Date "2014.04.10"]
[Round "?"]
[White "Lombardi, Donato"]
[Black "Kramskoi, Vasyl"]
[Result "0-1"]
[WhiteElo "750"]
[BlackElo "1059"]
[PlyCount "70"]
[EventDate "2014.04.11"]
[EventType "tourn (corr)"]
[EventRounds "6"]
[EventCountry "GER"]
[SourceTitle "Corr 2015"]
[Source "ChessBase"]
[SourceDate "2015.07.17"]
[SourceVersion "1"]
[SourceVersionDate "2015.07.17"]
[SourceQuality "1"]

1. e4 c5 2. d4 g6 3. c3 Qc7 4. Nf3 Bg7 5. Bg5 Qb6 6. Qd2 Nf6 7. Bd3 d5 8. exd5 cxd4 9. Nxd4 Nxd5 10. 0-0 0-0 11. Na3 Bxd4 12. cxd4 Qxd4 13. Nb5 Qb6 14. Rac1 Nc6 15. a4 a6 16. Nc3 Rd8 17. Nxd5 Rxd5 18. Qf4 Rxd3 19. b4 Rd4 20. Qe3 Qxb4 21. h3 f6 22. Bxf6 exf6 23. Qe8+ Kg7 24. Rfe1 Rb8 25. Rb1 Qa5 26. Rbc1 Bxh3 27. Re7+ Kh6 28. Qf7 Nxe7 29. Qxe7 Qg5 30. g3 Qxc1+ 31. Kh2 Qf1 32. Qe3+ g5 33. Qf3 Kg6 34. a5 g4 35. Qh1 Qxf2+ 0-1

[Event "RF-2014-0-00182"]
[Site "LSS email"]
[Date "2014.04.06"]
[Round "?"]
[White "Kramskoi, Vasyl"]
[Black "Bester, Kazimierz"]
[Result "1-0"]
[WhiteElo "1124"]
[BlackElo "726"]
[PlyCount "63"]
[EventDate "2014.02.12"]
[EventType "tourn (corr)"]
[EventRounds "6"]
[EventCountry "GER"]
[SourceTitle "Telechess CBM 167"]
[Source "ChessBase"]
[SourceDate "2015.07.13"]
[SourceVersion "1"]
[SourceVersionDate "2015.07.13"]
[SourceQuality "1"]

1. d4 e6 2. e4 Nc6 3. c4 Bb4+ 4. Bd2 Bxd2+ 5. Qxd2 Nge7 6. d5 Ne5 7. Nc3 a6 8. f4 N5g6 9. Nf3 d6 10. 0-0-0 0-0 11. Be2 e5 12. f5 Nf4 13. Bf1 f6 14. g3 Nh5 15. Be2 g6 16. Nh4 Qe8 17. Bxh5 gxh5 18. Kb1 Kh8 19. Rhg1 Rg8 20. Qh6 Qf7 21. a3 Rg5 22. Ng6+ Nxg6 23. h4 Rg4 24. Qxh5 Qe8 25. Qxg4 Qf7 26. Qh5 Qg7 27. fxg6 h6 28. g4 Bd7 29. g5 f5 30. gxh6 Qg8 31. g7+ Kh7 32. Qg6# 1-0

[Event "OP-2014-0-03371"]
[Site "LSS email"]
[Date "2014.04.06"]
[Round "?"]
[White "Molina, Vicente Andres"]
[Black "Kramskoi, Vasyl"]
[Result "0-1"]
[WhiteElo "778"]
[BlackElo "1124"]
[PlyCount "54"]
[EventDate "2014.04.02"]
[EventType "tourn (corr)"]
[EventRounds "4"]
[EventCountry "GER"]
[SourceTitle "Telechess CBM 167"]
[Source "ChessBase"]
[SourceDate "2015.07.13"]
[SourceVersion "1"]
[SourceVersionDate "2015.07.13"]
[SourceQuality "1"]

1. e4 c5 2. Nf3 e6 3. d4 cxd4 4. Nxd4 a6 5. c4 Bc5 6. Be3 d6 7. Nc3 Nf6 8. f3 0-0 9. Be2 Bb4 10. 0-0 Bxc3 11. bxc3 b6 12. Rb1 Qc7 13. Qb3 Nbd7 14. Qa3 Bb7 15. Rfd1 d5 16. cxd5 exd5 17. Nf5 dxe4 18. fxe4 Bxe4 19. Ne7+ Kh8 20. Bf3 Bxb1 21. Rxb1 Rae8 22. Bd4 Ne5 23. Bxe5 Qxe5 24. Nc6 Qe3+ 25. Kf1 Qd3+ 26. Kf2 Qxb1 27. Nd4 Qe1# 0-1

[Event "LSS No Engine Cup 107 Preliminary 4"]
[Site "LSS email"]
[Date "2014.03.23"]
[Round "?"]
[White "Herzog, Klaus"]
[Black "Kramskoi, Vasyl"]
[Result "1-0"]
[WhiteElo "1828"]
[BlackElo "1059"]
[PlyCount "43"]
[EventDate "2014.03.24"]
[EventType "tourn (corr)"]
[EventRounds "6"]
[EventCountry "GER"]
[SourceTitle "Corr 2015"]
[Source "ChessBase"]
[SourceDate "2015.07.17"]
[SourceVersion "1"]
[SourceVersionDate "2015.07.17"]
[SourceQuality "1"]

1. d4 Nf6 2. c4 g6 3. Nc3 d5 4. cxd5 Nxd5 5. e4 Nxc3 6. bxc3 Bg7 7. Bc4 Nc6 8. Ne2 0-0 9. 0-0 e5 10. d5 Na5 11. Bd3 c6 12. c4 b5 13. cxb5 cxb5 14. a4 Bb7 15. Ba3 Re8 16. Bxb5 Qh4 17. Bxe8 Rxe8 18. Qd3 Rc8 19. Qb5 Qxe4 20. Rfc1 h5 21. Rxc8+ Bxc8 22. Nc3 1-0

[Event "LSS No Engine Cup 107 Preliminary 4"]
[Site "LSS email"]
[Date "2014.03.23"]
[Round "?"]
[White "Kramskoi, Vasyl"]
[Black "Plunkett, Louis"]
[Result "1-0"]
[WhiteElo "1059"]
[BlackElo "1174"]
[PlyCount "81"]
[EventDate "2014.03.24"]
[EventType "tourn (corr)"]
[EventRounds "6"]
[EventCountry "GER"]
[SourceTitle "Corr 2015"]
[Source "ChessBase"]
[SourceDate "2015.07.17"]
[SourceVersion "1"]
[SourceVersionDate "2015.07.17"]
[SourceQuality "1"]

1. d4 d5 2. c4 Nc6 3. Nf3 Bg4 4. Nc3 e6 5. Qa4 Bxf3 6. gxf3 Bb4 7. a3 Bxc3+ 8. bxc3 Nge7 9. Rb1 Rb8 10. h4 0-0 11. h5 h6 12. Bf4 dxc4 13. Qxc4 Nd5 14. Bg3 Na5 15. Qd3 Nb6 16. Rb5 Nac4 17. Rc5 Rc8 18. Rxc4 Nxc4 19. Qxc4 Qg5 20. e3 Qa5 21. Qb4 Qxb4 22. axb4 c6 23. Bd3 f5 24. c4 Rf7 25. c5 a6 26. Bd6 Rd8 27. Be5 Kf8 28. Bc4 Kg8 29. Bxe6 Kf8 30. Bxf7 Kxf7 31. Rg1 Rg8 32. Rg6 Kf8 33. f4 Kf7 34. Ke2 Kf8 35. Kd2 Kf7 36. Kc2 Kf8 37. Kb3 Kf7 38. Ka4 Ke7 39. Ka5 Kd7 40. Bxg7 Kc8 41. Kb6 1-0

[Event "LSS No Engine Cup 107 Preliminary 4"]
[Site "LSS email"]
[Date "2014.03.23"]
[Round "?"]
[White "Linart, Ludvik"]
[Black "Kramskoi, Vasyl"]
[Result "0-1"]
[WhiteElo "922"]
[BlackElo "1059"]
[PlyCount "52"]
[EventDate "2014.03.24"]
[EventType "tourn (corr)"]
[EventRounds "6"]
[EventCountry "GER"]
[SourceTitle "Corr 2015"]
[Source "ChessBase"]
[SourceDate "2015.07.17"]
[SourceVersion "1"]
[SourceVersionDate "2015.07.17"]
[SourceQuality "1"]

1. d4 Nf6 2. c4 e6 3. Nc3 Bb4 4. Bd2 c6 5. g3 0-0 6. Bg2 d5 7. c5 e5 8. dxe5 Ng4 9. Nf3 Bxc5 10. 0-0 Bxf2+ 11. Rxf2 Qb6 12. Qe1 Nxf2 13. Qxf2 Qxb2 14. Rb1 Qa3 15. Rb3 Qa5 16. Nd4 Na6 17. a3 Nc5 18. Nb1 Qc7 19. Rc3 b6 20. Re3 Bd7 21. Bb4 a5 22. Bd2 Rae8 23. Bc3 Na4 24. Rf3 Qxe5 25. Bf1 c5 26. Nc6 Qc7 0-1

[Event "RF-2014-0-00180"]
[Site "LSS email"]
[Date "2014.03.19"]
[Round "?"]
[White "Kramskoi, Vasyl"]
[Black "Slavin, Pablo"]
[Result "1/2-1/2"]
[WhiteElo "1124"]
[BlackElo "1087"]
[PlyCount "44"]
[EventDate "2014.01.20"]
[EventType "tourn (corr)"]
[EventRounds "6"]
[EventCountry "GER"]
[SourceTitle "Telechess CBM 167"]
[Source "ChessBase"]
[SourceDate "2015.07.13"]
[SourceVersion "1"]
[SourceVersionDate "2015.07.13"]
[SourceQuality "1"]

1. d4 Nf6 2. c4 e6 3. Nf3 c5 4. g3 d5 5. cxd5 exd5 6. Bg2 Nc6 7. 0-0 Be6 8. Nc3 c4 9. Ne5 Bd6 10. Bg5 Nxe5 11. Bxf6 gxf6 12. dxe5 Bxe5 13. Qc2 Qa5 14. e4 d4 15. Nd5 Bxd5 16. exd5 Rc8 17. Qf5 Qc7 18. f4 Bd6 19. Qxf6 0-0 20. Qg5+ Kh8 21. Qf6+ Kg8 22. Qg5+ Kh8 1/2-1/2